[Event "Brasilia Ascade op"]
[Site "Brasilia"]
[Date "2021.11.15"]
[Round "5"]
[White "Serra Azul Neto, Francisco"]
[Black "Magalhaes, Sebastiao Silva Jr"]
[Result "1-0"]
[WhiteElo "1844"]
[BlackElo "1765"]
[PlyCount "55"]
[EventDate "2021.11.13"]
[EventType "swiss"]
[EventRounds "6"]
[EventCountry "BRA"]
[SourceTitle "CBM 205 Extra"]
[Source "ChessBase"]
[SourceDate "2022.01.31"]
[SourceVersion "1"]
[SourceVersionDate "2022.01.31"]
[SourceQuality "1"]

1. d4 Nf6 2. Nf3 d5 3. c4 e6 4. Nc3 Bb4 5. Qa4+ Nc6 6. Bd2 0-0 7. e3 Bd7 8. Qb3 Bd6 9. cxd5 Na5 10. Qc2 exd5 11. Nxd5 Nxd5 12. Bxa5 Re8 13. a3 Bc6 14. Be2 Qf6 15. 0-0 Qh6 16. Bd2 Nb6 17. h3 g5 18. Nh2 Re6 19. Bd3 Rae8 20. f3 Bg3 21. e4 Bd7 22. Be1 Rc6 23. Qe2 Qd6 24. Bxg3 Qxg3 25. Qf2 Qd6 26. d5 Rc5 27. Qd2 Nc4 28. Qxg5+ 1-0

[Event "Brasilia Ascade op"]
[Site "Brasilia"]
[Date "2021.11.14"]
[Round "3"]
[White "Serra Azul Neto, Francisco"]
[Black "Freitas, Ronan Cunha"]
[Result "0-1"]
[WhiteElo "1844"]
[BlackElo "1898"]
[PlyCount "69"]
[EventDate "2021.11.13"]
[EventType "swiss"]
[EventRounds "6"]
[EventCountry "BRA"]
[SourceTitle "CBM 205 Extra"]
[Source "ChessBase"]
[SourceDate "2022.01.31"]
[SourceVersion "1"]
[SourceVersionDate "2022.01.31"]
[SourceQuality "1"]

1. Nf3 Nf6 2. g3 g6 3. Bg2 Bg7 4. 0-0 0-0 5. d3 d6 6. e4 c5 7. c3 Nc6 8. Na3 Rb8 9. Nc2 b5 10. Bf4 b4 11. d4 bxc3 12. bxc3 Nxe4 13. Qd3 Nf6 14. dxc5 Qa5 15. cxd6 e5 16. Nd2 Bf5 17. Qe2 exf4 18. Bxc6 Bxc2 19. Nc4 Qc5 20. Bf3 fxg3 21. hxg3 Ba4 22. Ne3 Qxd6 23. Rac1 Nd7 24. c4 Rfe8 25. Rb1 Rxb1 26. Rxb1 Bh6 27. Kg2 Bxe3 28. fxe3 Bc6 29. Rd1 Qc5 30. Kf2 Ne5 31. Bd5 h5 32. Kg2 Nxc4 33. Bxc6 Nxe3+ 34. Kh3 Qf5+ 35. Kh4 0-1

[Event "Bucharest F01 IM"]
[Site "Bucharest"]
[Date "2019.01.13"]
[Round "9"]
[White "Serra Azul Neto, Francisco"]
[Black "Stoleriu, George"]
[Result "1/2-1/2"]
[WhiteElo "1915"]
[BlackElo "2338"]
[PlyCount "62"]
[EventDate "2019.01.05"]
[EventType "tourn"]
[EventRounds "9"]
[EventCountry "ROU"]
[EventCategory "1"]
[SourceTitle "CBM 188 Extra"]
[Source "ChessBase"]
[SourceDate "2019.02.26"]
[SourceVersion "1"]
[SourceVersionDate "2019.02.26"]
[SourceQuality "1"]

1. d4 e6 2. e4 d5 3. Nc3 Bb4 4. Nge2 Nf6 5. Bg5 dxe4 6. a3 Be7 7. Bxf6 Bxf6 8. Nxe4 0-0 9. g3 e5 10. Bg2 Re8 11. dxe5 Bxe5 12. Qxd8 Rxd8 13. c3 g6 14. 0-0 Bg4 15. f3 Bd7 16. Rfd1 Na6 17. Rd5 Bd6 18. Nxd6 Bc6 19. Rd4 Rxd6 20. Rxd6 cxd6 21. Rd1 Re8 22. Kf2 Bb5 23. Nd4 Ba4 24. b3 Bd7 25. f4 Nc5 26. b4 Ne4+ 27. Bxe4 Rxe4 28. Nf3 Bb5 29. Nd4 Bc4 30. Re1 d5 31. Re3 Kg7 1/2-1/2

[Event "Bucharest F01 IM"]
[Site "Bucharest"]
[Date "2019.01.12"]
[Round "8"]
[White "Cosma, Ioan"]
[Black "Serra Azul Neto, Francisco"]
[Result "1-0"]
[WhiteElo "2404"]
[BlackElo "1915"]
[PlyCount "103"]
[EventDate "2019.01.05"]
[EventType "tourn"]
[EventRounds "9"]
[EventCountry "ROU"]
[EventCategory "1"]
[SourceTitle "CBM 188 Extra"]
[Source "ChessBase"]
[SourceDate "2019.02.26"]
[SourceVersion "1"]
[SourceVersionDate "2019.02.26"]
[SourceQuality "1"]

1. d4 Nf6 2. Nf3 d6 3. c4 e5 4. dxe5 Ne4 5. Nbd2 Bf5 6. e6 fxe6 7. Nxe4 Bxe4 8. Ng5 Bg6 9. Nxe6 Qe7 10. Nf4 Bf7 11. e3 Nc6 12. Nd5 Qd7 13. Be2 0-0-0 14. Bg4 Be6 15. Bxe6 Qxe6 16. b3 Qe5 17. Bd2 Be7 18. Qg4+ Rd7 19. Bc3 Qg5 20. Qxg5 Bxg5 21. f4 Bh4+ 22. Ke2 Re8 23. Kf3 Ne7 24. Nb4 Nf5 25. e4 Nh6 26. g3 Bd8 27. h4 a5 28. Nd3 Rde7 29. Rae1 c6 30. g4 g6 31. c5 Nf7 32. cxd6 Nxd6 33. e5 Nb5 34. Bb2 Rd7 35. Rd1 Bb6 36. f5 gxf5 37. gxf5 Nd4+ 38. Ke4 Rf8 39. f6 c5 40. Nf4 Re8 41. Nd5 Re6 42. Bxd4 cxd4 43. Nxb6+ Rxb6 44. Rxd4 Kd8 45. Rxd7+ Kxd7 46. Kf5 Ke8 47. Rc1 Kd8 48. Rg1 a4 49. Rg8+ Kd7 50. f7 axb3 51. f8Q bxa2 52. Qc8+ 1-0

[Event "Bucharest F01 IM"]
[Site "Bucharest"]
[Date "2019.01.09"]
[Round "5"]
[White "Serra Azul Neto, Francisco"]
[Black "Abramciuc, Marius"]
[Result "0-1"]
[WhiteElo "1915"]
[BlackElo "2351"]
[PlyCount "76"]
[EventDate "2019.01.05"]
[EventType "tourn"]
[EventRounds "9"]
[EventCountry "ROU"]
[EventCategory "1"]
[SourceTitle "CBM 188 Extra"]
[Source "ChessBase"]
[SourceDate "2019.02.26"]
[SourceVersion "1"]
[SourceVersionDate "2019.02.26"]
[SourceQuality "1"]

1. d4 f5 2. Bg5 g6 3. c4 Bg7 4. Nc3 Nf6 5. g3 0-0 6. Bg2 d6 7. Nf3 Qe8 8. Bxf6 Bxf6 9. Nd5 Na6 10. Nxf6+ Rxf6 11. 0-0 c6 12. Qd2 e5 13. dxe5 dxe5 14. Qc3 Re6 15. b4 Qe7 16. Rab1 Bd7 17. Rfd1 Be8 18. Rd2 e4 19. Nd4 Rf6 20. e3 c5 21. bxc5 Nxc5 22. Ne2 g5 23. Qa3 Bf7 24. Rbd1 Rc8 25. Nc3 Bxc4 26. Nd5 Bxd5 27. Rxd5 b6 28. Rd7 Qxd7 29. Rxd7 Nxd7 30. Qe7 Rf7 31. Qxg5+ Kh8 32. Bh3 Ne5 33. Kg2 Nf3 34. Qh5 Rcf8 35. Qh6 Rc8 36. Qe6 Rc1 37. Bxf5 Rf1 38. Kh3 Ng5+ 0-1

[Event "Bucharest F01 IM"]
[Site "Bucharest"]
[Date "2019.01.08"]
[Round "4"]
[White "David, Alexandru Vasile"]
[Black "Serra Azul Neto, Francisco"]
[Result "1/2-1/2"]
[WhiteElo "2425"]
[BlackElo "1915"]
[PlyCount "62"]
[EventDate "2019.01.05"]
[EventType "tourn"]
[EventRounds "9"]
[EventCountry "ROU"]
[EventCategory "1"]
[SourceTitle "CBM 188 Extra"]
[Source "ChessBase"]
[SourceDate "2019.02.26"]
[SourceVersion "1"]
[SourceVersionDate "2019.02.26"]
[SourceQuality "1"]

1. Nf3 d5 2. c4 c6 3. d4 e6 4. Nc3 Nf6 5. Bg5 Be7 6. e3 Nbd7 7. Qc2 0-0 8. Rd1 Re8 9. a3 a6 10. c5 b6 11. b4 Bb7 12. Bd3 a5 13. 0-0 Ba6 14. b5 cxb5 15. c6 Nf8 16. Nxb5 Ne4 17. Bf4 Bd6 18. c7 Qd7 19. Nxd6 Bxd3 20. Rxd3 Nxd6 21. Bxd6 Qxd6 22. Rc3 Rec8 23. a4 Ra7 24. Rc1 Nd7 25. Rc6 Qe7 26. h3 Nf6 27. Rxb6 Raxc7 28. Qxc7 Rxc7 29. Rb8+ Qe8 30. Rxe8+ Nxe8 31. Rb1 Rc4 1/2-1/2

[Event "Bucharest F01 IM"]
[Site "Bucharest"]
[Date "2019.01.06"]
[Round "2"]
[White "Dumitrache, Dragos Nicolae"]
[Black "Serra Azul Neto, Francisco"]
[Result "1-0"]
[WhiteElo "2387"]
[BlackElo "1915"]
[PlyCount "92"]
[EventDate "2019.01.05"]
[EventType "tourn"]
[EventRounds "9"]
[EventCountry "ROU"]
[EventCategory "1"]
[SourceTitle "CBM 188 Extra"]
[Source "ChessBase"]
[SourceDate "2019.02.26"]
[SourceVersion "1"]
[SourceVersionDate "2019.02.26"]
[SourceQuality "1"]

1. d4 Nf6 2. c4 e5 3. dxe5 Ne4 4. Qc2 Bb4+ 5. Nd2 d5 6. Ngf3 Bf5 7. e3 Nc6 8. Bd3 0-0 9. 0-0 Nxd2 10. Bxd2 Bxd3 11. Qxd3 dxc4 12. Qxc4 Bxd2 13. Rfd1 Qe7 14. Rxd2 Nxe5 15. Nxe5 Qxe5 16. Rad1 Rae8 17. b4 Re6 18. Rd5 Rd6 19. Rxd6 cxd6 20. g3 b5 21. Qd5 Qb2 22. Qxb5 Qxa2 23. Rxd6 Qb1+ 24. Kg2 Qe4+ 25. Kg1 Qb1+ 26. Kg2 Qe4+ 27. Kh3 g6 28. Rd4 Qe6+ 29. Kg2 Rc8 30. Qb7 Rc2 31. Qxa7 Qc6+ 32. e4 Kg7 33. Qe7 Qb6 34. Qe5+ Kh6 35. h4 Rb2 36. Qf4+ Kg7 37. e5 Qc6+ 38. Qe4 Qe6 39. Rd6 Qa2 40. Qd4 Qa8+ 41. Kh2 Qa2 42. e6+ f6 43. Rd7+ Kg8 44. Kg2 Qxe6 45. Rd8+ Kf7 46. Qxb2 Qe4+ 1-0

[Event "Bucharest F01 IM"]
[Site "Bucharest"]
[Date "2019.01.05"]
[Round "1"]
[White "Serra Azul Neto, Francisco"]
[Black "Gheorghiu, Calin"]
[Result "0-1"]
[WhiteElo "1915"]
[BlackElo "2288"]
[PlyCount "60"]
[EventDate "2019.01.05"]
[EventType "tourn"]
[EventRounds "9"]
[EventCountry "ROU"]
[EventCategory "1"]
[SourceTitle "CBM 188 Extra"]
[Source "ChessBase"]
[SourceDate "2019.02.26"]
[SourceVersion "1"]
[SourceVersionDate "2019.02.26"]
[SourceQuality "1"]

1. d4 Nf6 2. Bg5 e6 3. e4 h6 4. Bxf6 Qxf6 5. e5 Qd8 6. Nc3 d6 7. Nf3 dxe5 8. Nxe5 Nd7 9. Bb5 c6 10. Nxd7 Bxd7 11. Bd3 Qb6 12. Ne2 Qxb2 13. Rb1 Qxa2 14. Rxb7 Qa5+ 15. c3 Bd6 16. Qb1 Ke7 17. Be4 Rab8 18. Bxc6 Qc7 19. Be4 Rxb7 20. Qxb7 Qxb7 21. Bxb7 Rb8 22. Be4 Rb2 23. g3 Bb5 24. Nc1 f5 25. Bf3 a5 26. Rg1 a4 27. Be2 Bxe2 28. Nxe2 a3 29. Nc1 a2 30. Nxa2 Rb1+ 0-1

[Event "Krakow op-B 29th"]
[Site "Krakow"]
[Date "2018.12.27"]
[Round "1"]
[White "Serra Azul Neto, Francisco"]
[Black "Bugaev, Anton"]
[Result "1/2-1/2"]
[WhiteElo "1915"]
[BlackElo "1722"]
[PlyCount "61"]
[EventDate "2018.12.27"]
[EventType "swiss"]
[EventRounds "9"]
[EventCountry "POL"]
[SourceTitle "CBM 189 Extra"]
[Source "ChessBase"]
[SourceDate "2019.06.03"]
[SourceVersion "1"]
[SourceVersionDate "2019.06.03"]
[SourceQuality "1"]

1. d4 Nf6 2. Nf3 e6 3. Nbd2 d5 4. e3 b6 5. c3 Bb7 6. Bd3 Bd6 7. 0-0 0-0 8. Re1 Ne4 9. Nf1 f5 10. Ne5 Nd7 11. f3 Nef6 12. Nxd7 Qxd7 13. f4 Ne4 14. Nd2 Rf6 15. Nf3 Rh6 16. Bd2 Qe8 17. Ne5 Qe7 18. Nf3 Rf8 19. Rf1 Bc6 20. Be1 Be8 21. Qc2 Kh8 22. Rc1 Rg8 23. c4 c5 24. Bc3 Bh5 25. a3 Bxf3 26. Rxf3 Nxc3 27. Qxc3 cxd4 28. Qxd4 Bc5 29. Qe5 Bd6 30. Qd4 Bc5 31. Qe5 1/2-1/2

[Event "Brasilia Abertura op"]
[Site "Brasilia"]
[Date "2013.02.23"]
[Round "3"]
[White "Serra Azul Neto, Francisco"]
[Black "Nascimento, Pedro Henrique Alve"]
[Result "1-0"]
[WhiteElo "2026"]
[BlackElo "1797"]
[PlyCount "42"]
[EventDate "2013.02.22"]
[EventType "swiss"]
[EventRounds "5"]
[EventCountry "BRA"]
[SourceTitle "EXT 2014"]
[Source "ChessBase"]
[SourceDate "2013.11.20"]
[SourceVersion "1"]
[SourceVersionDate "2013.11.20"]
[SourceQuality "1"]

1. e4 e6 2. Qe2 Nc6 3. Nf3 Bb4 4. c3 Ba5 5. g3 d5 6. exd5 Qxd5 7. Bg2 Qd8 8. 0-0 Nf6 9. d4 0-0 10. Bg5 h6 11. Be3 Re8 12. b4 Bb6 13. c4 Nxb4 14. Na3 c6 15. Qd2 Ba5 16. Ne5 Nbd5 17. Qd3 Nxe3 18. fxe3 Bc7 19. Rxf6 Qxf6 20. Rf1 Qe7 21. Rxf7 Qd8 1-0

[Event "Brasilia Abertura op"]
[Site "Brasilia"]
[Date "2013.02.22"]
[Round "1"]
[White "Serra Azul Neto, Francisco"]
[Black "Matsuura, Queenti"]
[Result "0-1"]
[WhiteElo "2026"]
[BlackElo "1643"]
[PlyCount "48"]
[EventDate "2013.02.22"]
[EventType "swiss"]
[EventRounds "5"]
[EventCountry "BRA"]
[SourceTitle "EXT 2014"]
[Source "ChessBase"]
[SourceDate "2013.11.20"]
[SourceVersion "1"]
[SourceVersionDate "2013.11.20"]
[SourceQuality "1"]

1. b4 Nf6 2. Bb2 e6 3. a3 Be7 4. e3 b6 5. Ne2 Bb7 6. Nf4 Nc6 7. Bd3 e5 8. Nh5 0-0 9. f4 e4 10. Nxf6+ Bxf6 11. Bxf6 Qxf6 12. Nc3 exd3 13. cxd3 Ne7 14. 0-0 Qg6 15. Ne4 Bxe4 16. dxe4 Qxe4 17. f5 Nxf5 18. Rf4 Qe5 19. Rc1 Nxe3 20. dxe3 Qxe3+ 21. Rf2 c6 22. a4 Rad8 23. Rcc2 Qb3 24. Qd6 Qb1+ 0-1

[Event "BRA-ch sf"]
[Site "Brasilia"]
[Date "2011.10.31"]
[Round "5"]
[White "Serra Azul Neto, Francisco"]
[Black "Jaudy, Tulio Lamego"]
[Result "1-0"]
[WhiteElo "1981"]
[BlackElo "1840"]
[PlyCount "113"]
[EventDate "2011.10.29"]
[EventType "swiss"]
[EventRounds "8"]
[EventCountry "BRA"]
[SourceTitle "EXT 2012"]
[Source "ChessBase"]
[SourceDate "2011.11.24"]
[SourceVersion "1"]
[SourceVersionDate "2011.11.24"]
[SourceQuality "1"]

1. d4 Nf6 2. Bg5 Ne4 3. h4 b6 4. Nc3 Nxc3 5. bxc3 h6 6. Bf4 Ba6 7. g3 d5 8. Bg2 e6 9. Nf3 Nd7 10. 0-0 Be7 11. Ne5 Nxe5 12. Bxe5 f6 13. Bf4 g5 14. Bd2 gxh4 15. e4 Bxf1 16. Qh5+ Kd7 17. Rxf1 Qe8 18. Qe2 Qf7 19. exd5 exd5 20. c4 dxc4 21. Qe4 Qe6 22. Qxh4 f5 23. d5 Qe2 24. Qf4 Qg4 25. Qe5 Rae8 26. Qe6+ Kd8 27. d6 Bxd6 28. Qd5 Qg6 29. Bc3 Qe6 30. Qxe6 Rxe6 31. Bxh8 Re2 32. Bc6 Ke7 33. Bd4 Rxc2 34. Re1+ Kf8 35. a4 c3 36. Kg2 f4 37. gxf4 Bxf4 38. Be4 Bd2 39. Re2 Rc1 40. Bg6 Re1 41. Kf3 Rxe2 42. Kxe2 Ke7 43. Kd3 Be1 44. f3 a5 45. Bxc3 Bxc3 46. Kxc3 Kf6 47. Be8 Ke5 48. Kc4 Kd6 49. f4 c6 50. Kd4 b5 51. axb5 c5+ 52. Kc4 a4 53. b6 h5 54. Bxa4 h4 55. b7 Kc7 56. Bc6 h3 57. Bh1 1-0

[Event "BRA-ch sf"]
[Site "Brasilia"]
[Date "2011.10.30"]
[Round "3"]
[White "Betat, Silvio Renan Piment"]
[Black "Serra Azul Neto, Francisco"]
[Result "0-1"]
[WhiteElo "1795"]
[BlackElo "1981"]
[PlyCount "66"]
[EventDate "2011.10.29"]
[EventType "swiss"]
[EventRounds "8"]
[EventCountry "BRA"]
[SourceTitle "EXT 2012"]
[Source "ChessBase"]
[SourceDate "2011.11.24"]
[SourceVersion "1"]
[SourceVersionDate "2011.11.24"]
[SourceQuality "1"]

1. c4 Nf6 2. Nf3 g6 3. Nc3 d5 4. d4 Bg7 5. cxd5 Nxd5 6. e4 Nxc3 7. bxc3 c5 8. Bb5+ Bd7 9. Bxd7+ Qxd7 10. 0-0 0-0 11. Be3 cxd4 12. Bxd4 Rd8 13. Bxg7 Kxg7 14. Qb3 Nc6 15. Rfd1 Qc7 16. g3 Rac8 17. Rxd8 Nxd8 18. Rc1 Qc4 19. Qxc4 Rxc4 20. Nd2 Ra4 21. Rc2 Nc6 22. Kf1 b5 23. Ke1 Na5 24. f3 f5 25. exf5 gxf5 26. Ke2 Kf6 27. f4 a6 28. Kd3 h5 29. h4 Nc6 30. Ke3 e5 31. fxe5+ Nxe5 32. Rb2 Rg4 33. Nf1 Nc4+ 0-1

[Event "BRA-ch sf"]
[Site "Brasilia"]
[Date "2011.10.29"]
[Round "1"]
[White "Gauche, Charles"]
[Black "Serra Azul Neto, Francisco"]
[Result "1-0"]
[WhiteElo "2279"]
[BlackElo "1981"]
[PlyCount "81"]
[EventDate "2011.10.29"]
[EventType "swiss"]
[EventRounds "8"]
[EventCountry "BRA"]
[SourceTitle "EXT 2012"]
[Source "ChessBase"]
[SourceDate "2011.11.24"]
[SourceVersion "1"]
[SourceVersionDate "2011.11.24"]
[SourceQuality "1"]

1. Nf3 d6 2. d4 Nf6 3. g3 e5 4. dxe5 Ng4 5. Bg5 Qd7 6. Bh3 Nc6 7. exd6 Bxd6 8. Nc3 0-0 9. Ne4 Bb4+ 10. c3 Qf5 11. Nfd2 Qg6 12. cxb4 f5 13. Bxg4 fxe4 14. Bxc8 Qxg5 15. Bxb7 Rad8 16. Bxc6 Qf6 17. 0-0 Qxc6 18. Qb3+ Kh8 19. Nc4 Rd5 20. Na5 Qb5 21. Qc4 Qd7 22. Qxe4 Re8 23. Qf3 Rf5 24. Rad1 Qf7 25. Qc6 Rf6 26. Qd5 Qe7 27. e3 Qxb4 28. Nc4 Ref8 29. b3 c6 30. Qe4 h5 31. f4 a5 32. Rd7 Qc3 33. Ne5 h4 34. Ng6+ Rxg6 35. Qxg6 Qxe3+ 36. Kh1 Qc3 37. gxh4 a4 38. h5 axb3 39. h6 Rb8 40. hxg7+ Kg8 41. Qf7+ 1-0

[Event "BRA-ch sf"]
[Site "Brasilia"]
[Date "2011.10.29"]
[Round "2"]
[White "Serra Azul Neto, Francisco"]
[Black "De Andrade, Francisco Edmundo"]
[Result "0-1"]
[WhiteElo "1981"]
[BlackElo "1906"]
[PlyCount "110"]
[EventDate "2011.10.29"]
[EventType "swiss"]
[EventRounds "8"]
[EventCountry "BRA"]
[SourceTitle "EXT 2012"]
[Source "ChessBase"]
[SourceDate "2011.11.24"]
[SourceVersion "1"]
[SourceVersionDate "2011.11.24"]
[SourceQuality "1"]

1. e4 c6 2. d4 d5 3. exd5 cxd5 4. Bd3 Nf6 5. Nf3 Bg4 6. 0-0 e6 7. c3 Bd6 8. Qa4+ Nc6 9. Ne5 Qc7 10. f4 0-0 11. Nd2 Ne7 12. Ndf3 Bf5 13. Bxf5 Nxf5 14. g4 Bxe5 15. Nxe5 Nd6 16. Be3 b5 17. Qd1 Nfe4 18. Kh1 f6 19. Nd3 Nc4 20. Qe2 Qb7 21. Rf3 Rae8 22. Raf1 a5 23. Bc1 Qb6 24. g5 f5 25. b3 Ncd6 26. Ne5 Rd8 27. Rh3 g6 28. Qe1 Qc7 29. Ba3 Rfe8 30. Rff3 Re7 31. Rh6 Rg7 32. Rfh3 Nf7 33. Nxf7 Qxf7 34. Rf3 Rc8 35. Rhh3 Qb7 36. Rf1 Rgc7 37. Rff3 Qb6 38. b4 Qa6 39. Re3 a4 40. Re2 Qd6 41. Bc1 Qd7 42. Bd2 Rc4 43. Ree3 R8c6 44. Rd3 Qc7 45. Rhe3 Qxf4 46. Rf3 Qg4 47. Bf4 Nxg5 48. Rf1 Ne4 49. Be5 Rxc3 50. Rf4 Rc1 51. Rxg4 Rxe1+ 52. Rg1 Nf2+ 53. Kg2 Nxd3 54. Rxe1 Nxe1+ 55. Kf1 Nd3 0-1

[Event "Brasilia"]
[Site "Brasilia"]
[Date "2011.08.29"]
[Round "13"]
[White "Reis, Ernesto Guevara"]
[Black "Serra Azul Neto, Francisco"]
[Result "1-0"]
[WhiteElo "1947"]
[BlackElo "1976"]
[PlyCount "29"]
[EventDate "2011.08.15"]
[EventType "tourn"]
[EventRounds "13"]
[EventCountry "BRA"]
[SourceTitle "CBM 144 Extra"]
[Source "ChessBase"]
[SourceDate "2011.10.28"]
[SourceVersion "1"]
[SourceVersionDate "2011.10.28"]
[SourceQuality "1"]

1. e4 Nf6 2. Nc3 Nc6 3. Nf3 d5 4. e5 Ne4 5. d4 Bg4 6. Be3 f6 7. exf6 exf6 8. h3 Bb4 9. Qd3 Bf5 10. Nh4 Nxc3 11. Nxf5 Ne4+ 12. c3 Qd7 13. Nh4 Bd6 14. Be2 0-0-0 15. Bg4 1-0

[Event "Brasilia"]
[Site "Brasilia"]
[Date "2011.08.27"]
[Round "11"]
[White "Maio Guedes, Luis Augusto"]
[Black "Serra Azul Neto, Francisco"]
[Result "0-1"]
[WhiteElo "1825"]
[BlackElo "1976"]
[PlyCount "50"]
[EventDate "2011.08.15"]
[EventType "tourn"]
[EventRounds "13"]
[EventCountry "BRA"]
[SourceTitle "CBM 144 Extra"]
[Source "ChessBase"]
[SourceDate "2011.10.28"]
[SourceVersion "1"]
[SourceVersionDate "2011.10.28"]
[SourceQuality "1"]

1. e4 Nf6 2. e5 Nd5 3. Nc3 e6 4. Qf3 Nxc3 5. dxc3 d6 6. exd6 Bxd6 7. Bd3 Nd7 8. Bf4 e5 9. Be3 0-0 10. Qh3 Nf6 11. Qh4 h6 12. Bxh6 gxh6 13. Qxh6 Re8 14. Nh3 e4 15. 0-0-0 exd3 16. Rxd3 Bf5 17. Qg5+ Bg6 18. Kb1 Nh7 19. Qg4 Qc8 20. Qf3 Bxd3 21. cxd3 c6 22. g4 Qe6 23. g5 Qd5 24. Qd1 Rad8 25. Rg1 Bxh2 0-1

[Event "Brasilia"]
[Site "Brasilia"]
[Date "2011.08.19"]
[Round "4"]
[White "Martins, Vilker Germano"]
[Black "Serra Azul Neto, Francisco"]
[Result "0-1"]
[WhiteElo "1896"]
[BlackElo "1976"]
[PlyCount "80"]
[EventDate "2011.08.15"]
[EventType "tourn"]
[EventRounds "13"]
[EventCountry "BRA"]
[SourceTitle "CBM 144 Extra"]
[Source "ChessBase"]
[SourceDate "2011.10.28"]
[SourceVersion "1"]
[SourceVersionDate "2011.10.28"]
[SourceQuality "1"]

1. d4 f5 2. Nf3 Nf6 3. h3 e6 4. Bf4 b6 5. e3 Bb7 6. Nbd2 Be7 7. c3 0-0 8. Qc2 c5 9. Be2 Nc6 10. 0-0-0 Rc8 11. Rhg1 cxd4 12. Nxd4 Nb4 13. Qb1 Nfd5 14. Be5 Bc5 15. Nc2 Nxc2 16. Qxc2 d6 17. Bh2 a6 18. Kb1 b5 19. Nb3 Bb6 20. Qd2 Qe7 21. Bf3 Rfd8 22. Nd4 Bxd4 23. Qxd4 Kh8 24. Qd2 Nf6 25. Bxb7 Qxb7 26. Qe2 b4 27. c4 e5 28. Rc1 Qe4+ 29. Ka1 f4 30. Qc2 fxe3 31. Qxe4 Nxe4 32. fxe3 Rf8 33. Rc2 a5 34. Kb1 Rf7 35. Re1 Kg8 36. b3 Rcf8 37. Kb2 Nc3 38. Bg3 Ne4 39. Bh2 Nc5 40. e4 Nd3+ 0-1

[Event "BRA-ch Center East"]
[Site "Brazil"]
[Date "2011.06.23"]
[Round "2"]
[White "Serra Azul Neto, Francisco"]
[Black "Gisclan, Heverton"]
[Result "0-1"]
[WhiteElo "1960"]
[BlackElo "2253"]
[PlyCount "90"]
[EventDate "2011.06.22"]
[EventType "swiss"]
[EventRounds "7"]
[EventCountry "BRA"]
[SourceTitle "EXT 2013"]
[Source "ChessBase"]
[SourceDate "2012.11.22"]
[SourceVersion "1"]
[SourceVersionDate "2012.11.22"]
[SourceQuality "1"]

1. e4 e5 2. Nc3 Nf6 3. Nf3 Nc6 4. Bc4 Nxe4 5. Nxe4 d5 6. d4 dxc4 7. d5 Nd4 8. Nxd4 Qxd5 9. Qe2 Qxd4 10. 0-0 Bf5 11. Ng3 Bg4 12. Qe1 Bc5 13. h3 Be6 14. Be3 Qd5 15. Rd1 Qc6 16. Bxc5 Qxc5 17. Ne4 Qb6 18. Ng5 f6 19. Nxe6 Qxe6 20. Qb4 Qc6 21. f4 a5 22. Qa3 e4 23. Rfe1 Kf7 24. Rxe4 Qxe4 25. Rd7+ Ke8 26. Rxc7 Rd8 27. Qa4+ Kf8 28. Qa3+ Kg8 29. Qg3 g6 30. b3 Re8 31. Kh2 g5 32. Rxc4 Qf5 33. Qc3 Kg7 34. fxg5 Qe5+ 35. Qxe5 fxe5 36. Rc7+ Kg6 37. Rxb7 e4 38. Kg1 Rhf8 39. h4 e3 40. Rb6+ Kg7 41. h5 e2 42. Rb7+ Kg8 43. g6 e1Q+ 44. Kh2 Qh4+ 45. Kg1 Re1# 0-1

[Event "Brasilia-ch 51th sf2"]
[Site "Brasilia"]
[Date "2011.06.15"]
[Round "6.2"]
[White "Serra Azul Neto, Francisco"]
[Black "Catta Preta, Daniel Martins"]
[Result "1/2-1/2"]
[WhiteElo "1960"]
[BlackElo "2143"]
[PlyCount "24"]
[EventDate "2011.06.07"]
[EventType "tourn"]
[EventRounds "7"]
[EventCountry "BRA"]
[SourceTitle "EXT 2022"]
[Source "ChessBase"]
[SourceDate "2021.10.06"]
[SourceVersion "1"]
[SourceVersionDate "2021.10.06"]
[SourceQuality "1"]

1. e4 e6 2. d4 d5 3. exd5 exd5 4. Nf3 Nf6 5. Bd3 Bd6 6. 0-0 0-0 7. Re1 Re8 8. Bg5 Rxe1+ 9. Qxe1 Bg4 10. Nbd2 Nbd7 11. Ne5 Be7 12. Bxf6 Nxf6 1/2-1/2

[Event "Brasilia-ch 51th sf2"]
[Site "Brasilia"]
[Date "2011.06.10"]
[Round "3.3"]
[White "Serra Azul Neto, Francisco"]
[Black "Maio Guedes, Luis Augusto"]
[Result "1-0"]
[WhiteElo "1960"]
[BlackElo "1839"]
[PlyCount "57"]
[EventDate "2011.06.07"]
[EventType "tourn"]
[EventRounds "7"]
[EventCountry "BRA"]
[SourceTitle "EXT 2022"]
[Source "ChessBase"]
[SourceDate "2021.10.06"]
[SourceVersion "1"]
[SourceVersionDate "2021.10.06"]
[SourceQuality "1"]

1. Nf3 Nf6 2. g3 d5 3. Bg2 Nbd7 4. d4 g6 5. 0-0 Bg7 6. c4 c6 7. cxd5 cxd5 8. Nc3 0-0 9. Bf4 a6 10. Rc1 b5 11. Ne5 Bb7 12. Qb3 e6 13. a4 Rb8 14. axb5 Ba8 15. Nxd7 Qxd7 16. Bxb8 Rxb8 17. b6 Qd8 18. Na4 Nd7 19. e3 Bf8 20. Qd3 Nxb6 21. Qxa6 Nc4 22. e4 Nd2 23. Rfd1 Nxe4 24. Rc2 Nd6 25. Nc5 Nb5 26. Bf1 Nc7 27. Qa7 Bxc5 28. Qxc5 Rc8 29. Ba6 1-0

[Event "World Amateur-ch"]
[Site "Thessaloniki"]
[Date "2009.04.30"]
[Round "5"]
[White "Serra Azul Neto, Francisco"]
[Black "Nikolaidou, Eleni"]
[Result "1-0"]
[WhiteElo "1966"]
[BlackElo "1872"]
[PlyCount "107"]
[EventDate "2009.04.27"]
[EventType "swiss"]
[EventRounds "9"]
[EventCountry "GRE"]
[SourceTitle "CBM 130 Extra"]
[Source "ChessBase"]
[SourceDate "2009.07.02"]
[SourceVersion "2"]
[SourceVersionDate "2009.07.15"]
[SourceQuality "1"]

1. Nc3 c5 2. Nf3 Nc6 3. d4 cxd4 4. Nxd4 d6 5. g3 Nf6 6. Bg2 Bd7 7. 0-0 g6 8. Be3 Bg7 9. Nd5 Ng4 10. c3 Nxe3 11. Nxe3 0-0 12. Qd2 Bh6 13. f4 a6 14. Qd3 Rc8 15. Nxc6 Bxc6 16. Ng4 Bg7 17. Bxc6 Rxc6 18. e4 b5 19. Rad1 Qb6+ 20. Qe3 Qxe3+ 21. Nxe3 f5 22. Nd5 Kf7 23. exf5 gxf5 24. Nb4 Rb6 25. Nd5 Rb7 26. Rfe1 a5 27. Ne3 Kg6 28. Rd5 h5 29. Re2 b4 30. c4 a4 31. Ra5 Bd4 32. Rxa4 Kf6 33. Kg2 e6 34. b3 Rg8 35. Kf3 Bc5 36. Nc2 h4 37. Ne1 hxg3 38. hxg3 e5 39. fxe5+ dxe5 40. Ra6+ Kg5 41. Rxe5 Bd4 42. Rd5 Bc3 43. g4 Rg6 44. Rxf5+ Kh6 45. Rh5+ Kg7 46. Rxg6+ Kxg6 47. Nd3 Rd7 48. Nf4+ Kg7 49. Rh2 Rf7 50. Re2 Kh7 51. g5 Rd7 52. Nd5 Rxd5 53. cxd5 Kg6 54. Kg4 1-0